101 favourite poems

Bibliographic Details
Main Author: Foster, John
Format: Book
Published: London : Harper Collins Publishers , 2003
Subjects:

MARC

LEADER 00000cam a2200000 7i4500
001 0000084685
005 20040922.0
020 |a 0007144385 
090 0 0 |a 808.81   |b FOS 
100 1 |a Foster, John 
245 0 0 |a 101 favourite poems   |c John Foster 
260 |a London :   |b Harper Collins Publishers ,   |c 2003 
300 |a 191p. ;   |c 19cm. 
650 0 0 |a Poems 
999 |a 00175952   |b BUKU   |c PINJAMAN   |e PERPUSTAKAAN KOMUNITI PETALING JAYA